Cassel's natural history: 001016- Vol.I:- Vol.I (Record no. 584075)

MARC details
000 -LEADER
fixed length control field 00465nam a2200145Ia 4500
008 - FIXED-LENGTH DATA ELEMENTS--GENERAL INFORMATION
fixed length control field 100415s9999 xx 000 0 und d
082 ## - DEWEY DECIMAL CLASSIFICATION NUMBER
Item number 1016
Classification number 574.9
100 ## - MAIN ENTRY--PERSONAL NAME
Personal name DUNCAN P. MARTIN [ED.]
245 ## - TITLE STATEMENT
Title Cassel's natural history: 001016- Vol.I:- Vol.I
260 ## - PUBLICATION, DISTRIBUTION, ETC. (IMPRINT)
Place of publication, distribution, etc LONDON
Date of publication, distribution, etc 0
Name of publisher, distributor, etc CASSELL, PETTER, GALPIN & CO.
365 ## - TRADE PRICE
Price amount 0
630 ## - SUBJECT ADDED ENTRY--UNIFORM TITLE
Uniform title Cassel's natural history: 001016- Vol.I:- Vol.I
730 ## - ADDED ENTRY--UNIFORM TITLE
Uniform title Cassel's natural history: 001016- Vol.I:- Vol.I
942 ## - ADDED ENTRY ELEMENTS (KOHA)
Koha item type Book
Holdings
Withdrawn status Lost status Damaged status Not for loan Home library Current library Date acquired Cost, normal purchase price Total Checkouts Full call number Barcode Date last seen Price effective from Koha item type
        Bombay Natural History Society Bombay Natural History Society 06/28/1996 0.00   574.9 1016 BNHS-1016 04/15/2010 04/15/2010 Book